000 00423nam a22001697a 4500
003 CEME
005 20210628205228.0
008 210216b xxu||||| |||| 00| 0 eng d
020 _a0-13-591645-3
040 _c.
082 _a621.815 WIL'C
100 _aWilson, Charles B
_974486
245 _aComputer integrated machine design
260 _aNEWJERSCY
_bPRENTICE HALL
_c1997
300 _aXXVI,646P
942 _cBK
_2ddc
999 _c580010
_d580010